| 000 | 00696cab a2200229 4500 | ||
|---|---|---|---|
| 001 | ABS49130 | ||
| 008 | 090401t1993 xxu||||| |||| 00| 0 eng d | ||
| 035 | _a(Sirsi) u70140 | ||
| 041 | _aeng | ||
| 100 | _aParker, G. | ||
| 245 | _aBusiness parks : end of an era? | ||
| 260 | _c1993 | ||
| 350 | _a0 | ||
| 490 |
_aEstates Gazette _v(9331) 7 August 1993, 25(1) |
||
| 520 | _aExamines the implications of DTZ Debenham Thorpe`s research which shows that a quarter of accommodation built on business parks is standing empty. | ||
| 650 | _aBUSINESS PARKS | ||
| 650 | _aEMPTY SPACE | ||
| 650 | _aVACANT SPACE | ||
| 690 | _aPROPERTY-COMMERCIAL PROPERTY | ||
| 942 | _n0 | ||
| 948 | _c04/03/1997 | ||
| 999 |
_c44126 _d44126 |
||